000 00606nam a2200205Ii 4500
003 JO-AjNU
008 230605s9999||||xx |||||||||||||| ||und||
040 _aJO-AjNU
_bara
_erda
_cJO-AjNU
041 _aara
050 1 4 _aAC106.2004
100 3 _aالسيد،محمود,
_eauthor
_911120
245 0 0 _aمقالات في الثقافة، ج1
250 _aط1
264 3 1 _aدمشق:منشورات وزارة الثقافة،2004
300 _aج1، 287ص
336 _atext
_btxt
_2rdacontent
337 _aunmediated
_bn
_2rdamedia
338 _avolume
_bnc
_2rdacarrier
650 4 _aمقالات
_911121
999 _aA2159
_c5727
_d5727